| 000 | 00878nam a22002897a 4500 | ||
|---|---|---|---|
| 001 | 5496 | ||
| 003 | FISKH | ||
| 005 | 20250826103816.0 | ||
| 008 | 241212b cb ||||| |||| 00| 0 eng d | ||
| 020 | _a9781408300046 | ||
| 040 |
_aFISKH _beng _cFISKH _dFISKH |
||
| 050 | _aPZ7.C4383 | ||
| 082 | _a823.914 | ||
| 100 |
_aChild, Lauren _d(1965-) |
||
| 245 |
_aClarice Bean that's me / _cLauren Child |
||
| 250 | _aThis edition published in 2014 | ||
| 260 |
_aLondon : _bOrchard, _c2014. |
||
| 300 |
_a26 pages : _bcolor illustrations ; _c28 cm |
||
| 505 | _aP | ||
| 520 | _aA girl describes the hectic life she leads among the members of her large family, and her search for a little peace and quiet | ||
| 521 | 8 |
_a610
_bLexile |
|
| 521 | 8 |
_aP
_bRaz-Plus |
|
| 650 |
_2Family _aFiction |
||
| 650 |
_2Family life _aSiblings |
||
| 942 |
_2ddc _cBK _n0 |
||
| 999 |
_c5496 _d5496 |
||